Vincitori The Best FIFA Goalkeeper - Statistics

Statistiche generali
  • Questo quiz è stato fatto 52 volte
    8 dall'ultimo reset
  • Il punteggio medio è 8 su 8
Statistiche sulle risposte
Edizione Nazione Squadra Calciatore % Corretto
2019 Brasile Liverpool Alisson
100%
2022 Argentina Aston Villa Emiliano Martínez
100%
2024 Argentina Aston Villa Emiliano Martínez
100%
2017 Italia Juventus Gianluigi Buffon
100%
2020 Germania Bayern Monaco Manuel Neuer
100%
2018 Belgio Chelsea / Real Madrid Thibaut Courtois
100%
2023 Brasile Manchester City Ederson
88%
2021 Senegal Chelsea Edouard Mendy
63%
Nessun quiz corrispondente trovato
Distribuzione punteggi
Percentuale di utenti per punteggio
Percentile per numero di risposta
I tuoi punteggi nel tempo
Non hai fatto questo quiz dall'ultimo reset